[Event "4NCL/Div1b/PPA1 vs. BET"]
[Site "Sunningdale ENG"]
[Date "2009.10.25"]
[Round "2.3"]
[White "Dunn, Andrew"]
[Black "Baker, Chris W"]
[Result "1/2-1/2"]
[WhiteElo "2220"]
[BlackElo "2357"]
[PlyCount "82"]
[EventDate "2009.10.25"]
[SourceDate "2009.10.24"]

1. d4 Nf6 2. Nf3 e6 3. e3 c5 4. Bd3 b6 5. O-O Bb7 6. c4 cxd4 7. exd4 d5 8. Nc3
dxc4 9. Bxc4 Be7 10. Ne5 O-O 11. Be3 Nc6 12. Rc1 Rc8 13. Bd3 Nb4 14. Bb1 Nbd5
15. Qe2 Nxc3 16. Rxc3 Qd5 17. f3 Bb4 18. Rcc1 Bd6 19. Bf2 Rfd8 20. Rxc8 Rxc8
21. Re1 Bb4 22. Rd1 Be7 23. Qd2 Qd8 24. Qf4 Qc7 25. Bg3 Bd6 26. Qh4 h6 27. Ng4
Nxg4 28. Qxg4 Bxg3 29. Qxg3 Qxg3 30. hxg3 Bd5 31. Kf2 Kf8 32. Ke3 Ke7 33. g4 a5
34. a3 Kd6 35. Bd3 Rc7 36. Rf1 Ke7 37. Rh1 Kf6 38. g3 Bb3 39. f4 Bd5 40. Rg1
Rc8 41. Rf1 Rc7 1/2-1/2

[Event "4NCL/Div1b/PPA1 vs. BET"]
[Site "Sunningdale ENG"]
[Date "2009.10.25"]
[Round "2.4"]
[White "Webb, Laurence E"]
[Black "Richter, Hans S"]
[Result "1-0"]
[WhiteElo "2321"]
[BlackElo "2180"]
[PlyCount "67"]
[EventDate "2009.10.25"]
[SourceDate "2009.10.24"]

1. e4 e6 2. d4 d5 3. e5 c5 4. c3 Qb6 5. Nf3 Nc6 6. a3 Nh6 7. b4 cxd4 8. cxd4
Nf5 9. Be3 f6 10. exf6 gxf6 11. Bd3 Nxe3 12. fxe3 Bg7 13. Nc3 O-O 14. O-O Bd7
15. Qe1 Rac8 16. Rc1 f5 17. Kh1 Nd8 18. Qh4 Nf7 19. g4 Nh6 20. g5 Nf7 21. Qg3
Qd6 22. g6 hxg6 23. Qxg6 Nh8 24. Qg2 Rfd8 25. Rg1 Qe7 26. Ne5 Be8 27. Ne2 Rxc1
28. Rxc1 Nf7 29. Nf3 Nd6 30. Nf4 Rc8 31. Rg1 Rc7 32. Qg3 b6 33. Ng5 Bd7 34. Ng6
1-0

[Event "4NCL/Div1b/PPA1 vs. BET"]
[Site "Sunningdale ENG"]
[Date "2009.10.25"]
[Round "2.6"]
[White "Ledger, Dave J"]
[Black "Winfridsson, Ola"]
[Result "1-0"]
[WhiteElo "2245"]
[BlackElo "2133"]
[PlyCount "67"]
[EventDate "2009.10.25"]
[SourceDate "2009.10.24"]

1. e4 c6 2. d4 d5 3. Nc3 dxe4 4. Nxe4 Bf5 5. Ng3 Bg6 6. Nf3 Nd7 7. h4 h6 8. h5
Bh7 9. Bd3 Bxd3 10. Qxd3 Ngf6 11. Bd2 e6 12. O-O-O Be7 13. Ne4 Nxe4 14. Qxe4
Nf6 15. Qe2 Qd5 16. c4 Qe4 17. Qxe4 Nxe4 18. Be3 O-O 19. Kc2 Rfd8 20. g4 f5 21.
gxf5 exf5 22. Kd3 Nc5+ 23. Ke2 Na4 24. Rhg1 Kh7 25. Ne5 Bf6 26. f4 Rac8 27. Rd2
Nb6 28. b3 Nd7 29. Nf7 Rf8 30. Nd6 Rc7 31. Nxf5 Bg5 32. Nxg7 Bxf4 33. Ne6 Bxe3
34. Nxf8+ 1-0

[Event "4NCL/Div1b/PPA1 vs. BET"]
[Site "Sunningdale ENG"]
[Date "2009.10.25"]
[Round "2.7"]
[White "Byway, Paul V"]
[Black "Ledger, Stephen C"]
[Result "1-0"]
[WhiteElo "2158"]
[BlackElo "2106"]
[PlyCount "83"]
[EventDate "2009.10.25"]
[SourceDate "2009.10.24"]

1. Nf3 Nf6 2. c4 g6 3. g3 Bg7 4. Bg2 d6 5. d4 c6 6. O-O O-O 7. Nc3 Nbd7 8. e4
e5 9. b3 Qa5 10. Bb2 Re8 11. Qc2 Nf8 12. d5 c5 13. a3 Qd8 14. b4 b6 15. bxc5
bxc5 16. Rab1 Bd7 17. Bc1 Rb8 18. Bg5 Qa5 19. Bd2 a6 20. Rfc1 Qc7 21. Ne1 h6
22. Nd3 g5 23. Nd1 Ng6 24. Ne3 Rxb1 25. Rxb1 Rb8 26. Bc3 Rb6 27. Rf1 Rb8 28. f4
gxf4 29. gxf4 exf4 30. Nxf4 Nxf4 31. Rxf4 Nh7 32. Bxg7 Kxg7 33. e5 dxe5 34.
Rxf7+ Kxf7 35. Qxh7+ Ke8 36. Qg8+ Ke7 37. d6+ Kxd6 38. Qg6+ Be6 39. Nf5+ Kd7
40. Qg7+ Kd8 41. Qf8+ Kd7 42. Qe7+ 1-0

[Event "4NCL/Div1b/PPA1 vs. BET"]
[Site "Sunningdale ENG"]
[Date "2009.10.25"]
[Round "2.8"]
[White "Chaumont, Adeline"]
[Black "Bentley, Emma J"]
[Result "1-0"]
[WhiteElo "2049"]
[BlackElo "1690"]
[PlyCount "61"]
[EventDate "2009.10.25"]
[SourceDate "2009.10.24"]

1. d4 d5 2. c4 e6 3. Nc3 Nf6 4. cxd5 Nxd5 5. e4 Nxc3 6. bxc3 c5 7. Nf3 Bd7 8.
d5 exd5 9. Qxd5 Bc6 10. Qxd8+ Kxd8 11. Ne5 Ke7 12. f3 g6 13. Be3 b6 14. Rd1 Bg7
15. Bf4 Bxe5 16. Bxe5 f6 17. Bd6+ Kf7 18. Bc4+ Kg7 19. Bg3 Re8 20. Kf2 Re7 21.
Rd6 Ba4 22. Bd5 Nc6 23. Bxc6 Bxc6 24. Rxc6 Rd8 25. Rd6 Red7 26. Rhd1 Rxd6 27.
Rxd6 Rxd6 28. Bxd6 Kf7 29. Bb8 a6 30. Ba7 b5 31. Bxc5 1-0